| 000 | 00988cac a22002895a 4500 | ||
|---|---|---|---|
| 001 | 016317518 | ||
| 003 | OSt | ||
| 005 | 20151206143254.0 | ||
| 008 | 130320s2013 enka frb 001 0 eng d | ||
| 020 | _a9781848215184 | ||
| 040 |
_aStDuBDS _beng _cStDuBDS _dUk _eEG-ScBUE |
||
| 082 | 0 | 4 |
_a620.11 _222 _bMET |
| 245 | 0 | 0 |
_aMetamaterials and wave control / _cedited by Éric Lheurette ; series editor Pierre-Noel Favennec. |
| 260 |
_aLondon : _bISTE Ltd. ; _aHoboken : _bJohn Wiley & Sons, _c2013. |
||
| 300 |
_axix, 220 p : _bill. (black and white) ; _c25 cm. |
||
| 490 | 0 | _aWaves series | |
| 500 | _aIndex : p. 217-220. | ||
| 504 | _aIncludes bibliographical references. | ||
| 650 | 0 |
_aElectromagnetic waves _xTransmission. _2BUEsh |
|
| 650 | 0 |
_aWave functions. _2BUEsh |
|
| 650 | 7 |
_aMetamaterials. _2BUEsh _931680 |
|
| 651 | _2BUEsh | ||
| 653 |
_bENGELC _cAugust2015 _cDecember2015 |
||
| 700 | 1 |
_aLheurette, Éric, _eeditor. |
|
| 700 | 1 |
_aFavennec, Pierre-Noel , _eeditor. |
|
| 942 | _2ddc | ||
| 999 |
_c20706 _d20678 |
||